000
00263nam a2200109Ia 4500
008
190906s9999||||xx |||||||||||||| ||und||
100
_a
Afia Salam
245
0
_a
Mushtaq Muhammad Inside Out
260
_a
Karachi
_b
Famous Books
_c
2006
300
_a
288
942
_c
BK
999
_c
6171
_d
6171